000
00264nam a2200097 4500
999
_c
520903
_d
520903
082
_a
A45:N4/KERA/A/2019-20
100
_a
Kerala. Home Department
_9
32198
245
_a
Administration report, 2019-2020
260
_a
Thiruvanathapuram
_b
The author
_c
2020
300
_a
102p